000 01436njm a2200313Ia 4500
001 D3632
003 IT-RoPAU
005 20220918181149.0
008 131025s9999 xx 000 0 und d
040 _aIT-RoPAU
040 _cIT-RoPAU
041 _aITALIANO
999 _c101913
_d101913
999 _bn.d.
100 _aAnselmi Daniele
_929755
100 _eAutore musica
_930849
100 _gCodice autore musica SPICS: 40135
_929757
245 _aDomeniche di Avvento. Canti per la messa - Liturgia della parola
250 _a1a ed.
260 _aROMA
260 _bEP - MUSICALI E DISCOGRAFICHE
_c1995 [1a Ed.:1995 - Ed. Lingua Orig.: 1995]
300 _aMUSICASSETTA
300 _c40 minuti (Testo: pag.)
500 _aMusica religiosa, liturgica.
505 _aVieni Signore a salvarci - Cieli, irrorate la vostra rugiada - Quanta luce sul mondo - Signore pietà - Andiamo con gioia - Alleluia, mostraci Signore - Vieni, re di giustizia - Alleluia, preparate la via - Venga il tuo regno - Vieni Signore, vieni a salvarci - Alleluia, lo Spirito del Signore - Ecco, viene il Signore - Alleluia ecco la vergine - Ecco come avvenne - Lode a Cristo - Come Maria, figlia di Sion
650 _aLITURGICO [CASSETTE]
_eCodice MATERIA SPICS: 9951
_95632
700 _aFrisina Marco
_eAutore
_gCodice autore SPICS: 38406
_930850
700 _aParisi Antonio
_eAutore testo e musica
_gCodice autore testo/musica SPICS: 35389
_930851
942 _cMC
_2ddc